[Event "19. Open Figueres Miquel Mas 2018"]
[Site "Figueres ESP"]
[Date "2018.08.16"]
[Round "9.27"]
[White "Roura Cortada, Pep"]
[Black "Espada Espanol, Tura"]
[Result "0-1"]
[WhiteElo "1022"]
[BlackElo "1398"]
[PlyCount "46"]
[EventDate "2018.08.09"]
[EventType "swiss"]
[EventRounds "9"]
[EventCountry "ESP"]
[SourceTitle "Ajedrez en Madrid"]
[Source "lmi"]
[SourceDate "2018.08.09"]
[SourceVersion "1"]
[SourceVersionDate "2019.07.09"]
[SourceQuality "1"]

1. e4 e6 2. d4 d5 3. Nd2 c5 4. Ngf3 Nc6 5. Bb5 Bd7 6. c3 Qb6 7. Bd3 Nf6 8. e5
Ng8 9. O-O cxd4 10. cxd4 Nxd4 11. Re1 Bc5 12. Rf1 Nh6 13. Nxd4 Bxd4 14. Nf3 Bc5
15. Bg5 Ng4 16. Bh4 O-O 17. Qc2 Rac8 18. Qd2 Bb5 19. Rac1 Bxd3 20. Qxd3 Bxf2+
21. Bxf2 Nxf2 22. Rxf2 Rxc1+ 23. Qf1 Rxf1+ 0-1